000 00500nam a2200205Ia 4500
008 210210b2000 xxu||||| |||| 00| 0 eng d
082 _a658 POOT
100 _aPOOJARY (Suresh)
245 _aTextbook of business organisation and management
260 _aMangalore.
_bVinyas Publishers,
_c2000
300 _a382
650 _aTextbook
650 _aorganisation
650 _aof
650 _amanagement
650 _abusiness
650 _aand
690 _aManagement
906 _a055752
999 _c103186
_d103186